Statistics for Guess the Taylor Swift song with no hints

Click here to take the quiz!

General Stats

  • This quiz has been taken 324 times
  • The average score is 252 of 366

Answer Stats

Answer% Correct
i
100%
a
99%
the
99%
you
99%
me
95%
we
94%
my
91%
your
91%
when
90%
and
88%
it
88%
to
88%
he
87%
on
87%
then
87%
of
85%
in
83%
is
83%
that
81%
all
79%
i'm
78%
Tim
75%
it's
73%
was
72%
but
71%
like
71%
think
71%
McGraw
70%
for
69%
said
69%
at
68%
one
66%
there
66%
night
64%
hope
61%
way
61%
just
59%
not
58%
oh
58%
song
58%
eyes
57%
had
57%
see
57%
up
56%
blue
55%
favorite
55%
that's
55%
him
54%
from
53%
time
53%
long
52%
never
52%
danced
51%
dress
51%
little
50%
those
50%
black
48%
head
48%
lie
48%
saw
48%
back
47%
you'll
47%
happiness
45%
shined
45%
put
44%
boy
43%
gone
43%
old
43%
chest
42%
Georgia
42%
jeans
42%
shame
42%
stars
42%
there's
41%
faded
40%
first
40%
here
40%
thing
40%
read
39%
right
39%
summer
39%
find
37%
moon
37%
truck
36%
weren't
36%
lake
35%
left
35%
spotlight
35%
gettin'
34%
letter
33%
lookin'
33%
place
33%
stuck
33%
takes
33%
tendency
33%
Chevy
32%
street
32%
tears
32%
bed
31%
beside
31%
God
31%
hard
31%
roads
31%
standin'
31%
woke
31%
doorstep
30%
month
30%
radio
30%
since
30%
three
30%
beneath
29%
bittersweet
29%
box
29%
nice
29%
september
29%
summers
29%
believe
28%
turn
28%
thankin'
27%
someday
26%

Score Distribution

Percentile by Number Answered

Percent of People with Each Score

Your Score History

You have not taken this quiz